| Tag |
First Indicator |
Second Indicator |
Subfields |
| LEADER |
00000nam a2200000Ia 4500 |
| 001 |
in00004307021 |
| 005 |
20200810091833.0 |
| 006 |
m g d |
| 007 |
cr bn |||a|bb| |
| 008 |
980331s1658 enk o 00| | eng d |
| 035 |
|
|
|a (OCoLC)38875646
|
| 040 |
|
|
|a EAE
|c EAE
|d WaOLN
|
| 037 |
|
|
|a CL0037000093
|b ProQuest Information and Learning. 300 N. Zeeb Rd., Ann Arbor, MI 48106
|
| 090 |
|
|
|a BX9058.M36
|b A46
|
| 049 |
|
|
|a UMIA
|
| 100 |
1 |
|
|a Allen, Isaac,
|d 17th cent.
|
| 245 |
1 |
0 |
|a Excommunicatio excommunicata, or, A censure of the Presbyterian censures and proceedings in the Classis at Manchester :
|b wherein is modestly examined what ecclesiastical or civil function [sic] they pretend for their new and usurped power : in a discourse betwixt the ministers of that Classis, and some dissenting Christians.
|
| 246 |
3 |
3 |
|a Censure of the Presbyterian censures and proceedings in the Classis at Manchester
|
| 260 |
|
|
|a London :
|b Printed for Humphrey Moseley ...,
|c 1658.
|
| 300 |
|
|
|a 1 online resource ([10], 55+ pages)
|
| 336 |
|
|
|a text
|b txt
|2 rdacontent
|
| 337 |
|
|
|a computer
|b c
|2 rdamedia
|
| 338 |
|
|
|a online resource
|b cr
|2 rdacarrier
|
| 500 |
|
|
|a "Ministers of the Classis" include R. Heyrick and others and "dissenting Christians" include I. Allen and others. Cf. BM.
|
| 500 |
|
|
|a Imperfect: all after pages 55 lacking; pages torn, and stained. Best copy available for photographing.
|
| 500 |
|
|
|a Errata: pages [10].
|
| 500 |
|
|
|a The word "function" on t.p. has been struck through and replaced in ms. by "sanction".
|
| 500 |
|
|
|a Reproduction of original in: Newberry Library.
|
| 510 |
4 |
|
|a Wing (2nd edition)
|c A1026A
|
| 533 |
|
|
|a Electronic reproduction.
|b Ann Arbor, Mich. :
|c UMI,
|d 1999-
|f (Early English books online)
|n Digital version of: (Early English books, 1641-1700 ; 2281:11)
|7 s1999 miun s
|
| 650 |
|
0 |
|a Presbyterianism.
|
| 650 |
|
0 |
|a Dissenters, Religious
|z England.
|
| 651 |
|
0 |
|a Great Britain
|x Church history
|y 17th century.
|
| 700 |
1 |
|
|a Allen, Isaac,
|d 17th cent.
|
| 700 |
1 |
|
|a Heyrick, Richard,
|d 1600-1667.
|
| 830 |
|
0 |
|a Early English books online.
|
| 856 |
4 |
0 |
|u http://proxy.library.tamu.edu/login?url=https://search.proquest.com/docview/2240917218
|z Connect to the full text of this electronic book
|t 0
|
| 999 |
f |
f |
|s 0362a461-0f49-3d14-8bb9-903f6c4d46f9
|i 17358551-2d36-3280-b12d-edd939034282
|t 0
|
| 952 |
f |
f |
|a Texas A&M University
|b College Station
|c Electronic Resources
|d Available Online
|t 0
|e BX9058.M36 A46
|h Library of Congress classification
|
| 998 |
f |
f |
|a BX9058.M36 A46
|t 0
|l Available Online
|